000 01052cam a2200205 4500
001 WB3742-29
008 011105n2001 000 0 eng u
035 _a(Sirsi) u115500
245 _aConveyancers construct e-project
260 _c2001
490 _aLaw Society's Gazette
_v98(42) 1 November 2001, 22(1)
520 _aIt has emerged that the parties involved in the electronic search process for conveyancers are preparing to branch out into electronic registration of title and fund transfer. Searches are currently channelled through three licence-holders, using the National Land Information Service (NLIS) infrastructure. NLIS is the first stage of electronic processing. The second stage will be to extend re-engineering of the search process to e-conveyancing as a whole.
590 _aWB
650 _aNATIONAL LAND INFORMATION SERVICE
650 _aECONVEYANCING
650 _aLAND REGISTRATION
650 _aMANAGEMENT-BUSINESS MANAGEMENT-INFORMATION MANAGEMENT
690 _aPROPERTY AND LAND LAW-CONVEYANCING
942 _n0
999 _c68789
_d68789